000 00810nam a2200325Ia 4500
005 20260514124330.0
008 008 261405s9999 xx 000 0 eng d
037 _aThesis
040 _aCRL
040 _beng
040 _cCRL
041 _2eng
041 _aeng
084 _qCRL
100 _aDr. C Sunita
_91239380
245 0 _aCorelation of Intra Partum Electronic Fetal Monitoring with Neonatal Outcome.
260 _aDelhi
260 _bUniversity of Delhi
260 _c2016
300 _a82p.
502 _bPh.D.
502 _cUniversity of Delhi
502 _d2016
541 _oThesis
650 _aObstetrics & Gynecology
700 _aDr. Shaktivardhan and
_91239381
710 _aObstetrics & Gynecology
_91239374
942 _cTH
999 _c1851677
_d1851677